Ocurrencias [juego] /

Guardado en:
Formato: Objeto Físico
Publicado: Argentina : Toyco, [200?]
Materias:
Etiquetas: Agregar Etiqueta
Sin Etiquetas, Sea el primero en etiquetar este registro!
LEADER 00711nrm a22001455g 4500
001 CEM.cems019392
008 130507b200?##################0###0#####d
005 20220830172128.0
245 0 0 |a Ocurrencias [juego] /  |c Toyco 
260 |a Argentina :  |b Toyco,  |c [200?] 
300 |a 1 juego (108 tarjetas con categorías de ambos lados, 1 tablero de doble cara, TV decodificador de tarjetas, reloj de arena, 1 dado de 8 caras, 20 fichas de Ocurrencia, 2 peones) ; en caja 21 x 30 x 6 cm. + manual de instrucciones. 
500 |a Para 2 ó más jugadores a partir de 12 años dos posibilidades de juegos. 
082 0 4 |a J793.73 
653 |a 1. juegos de preguntas y respuestas 
859 |a CEMS  |b BIB. CEMS - Ludoteca  |h J793.73  |i T668  |p 319.05  |t Ej.1